Statistics for Chinese History A-Z

Click here to take the quiz!

General Stats

  • This quiz has been taken 607 times
  • The average score is 18 of 26

Answer Stats

HintAnswer% Correct
ODrug the British smuggled into China in order to trade teaOpium
95%
GCommunist economic program that resulted about 30 million deaths due to famine{Great} {Leap} Forward
90%
VChina fought a war against this country in the Third Indochina War in 1979Vietnam
90%
DTibetan religious leader who fled Tibet after the Chinese invasion of the regionDalai Lama
89%
ICountry China wared against in 1962India
89%
MRegion Portugal returned to China in 1999Macau
89%
QThe last imperial dynasty that ruled over ChinaQing
89%
PItalian merchant whose travels throughout Eastern Asia described to Europeans
the great wealth and size of China and its capital Peking in a book
Marco Polo
87%
NThis city faced a major massacre by the Japanese in 1937 and 1938Nanjing
87%
TSeries of sculptures depicting the army of Qin Shi Huang, the first Emperor of China{Terracotta} Army
86%
ZThe given name of the first communist leader, MaoZedong
83%
XTerm limits are removed in 2018, allowing this president to stay in power indefinitelyXi Jinping
82%
KMongol ruler who established the Yuan dynasty after his conquest of ChinaKublai Khan
81%
LPhilosopher who founded TaoismLaozi
75%
EDuring the Ming dynasty, the government employs 100,000 of these type of people,
considered trustworthy because they could bear no children
Eunuchs
72%
HTechnological company that has been accused of spying on people for the Chinese
government in 2018 by the American government
Huawei
66%
SDuring the rule of this dynasty the first use of banknotes, gunpowder, as well as the
first discernment of true north using a compass came to be
Song
65%
WThis Chinese empress improved the rights of women in ChinaWu Zetian
60%
RFood that has been rumored to be manufactured as plastics in China since 2011Rice
58%
BEmpire from which Christian monks steal the secret for making SilkByzantine Empire
46%
YProvince in which tea is believed to have been originating fromYunnan
40%
FSpiritual-exercise movement that has been brutally oppressed by China since 1999Falun Gong
38%
UTerm for the 2014 Hong Kong protests{Umbrella} Revolution
33%
CHistorical alternative name of China in the English languageCathay
24%
JPresident who officially introduced the term "socialist market economy"Jiang Zemin
23%
AThe first stable capital in Chinese historyAnyang
17%

Score Distribution

Percentile by Number Answered

Percent of People with Each Score

Your Score History

You have not taken this quiz